000 00782cam a2200265 a 4500
001 145467
003 OSt
005 20180921
008 000000 dr 0000000000 00
245 _aAlocuciones presidenciales : fragmentos
260 _a[s. l.] :
_b[s. n.]
300 _a24 p.
505 _a"Pueblo inteligente Balaguer Nuevamente", 1978 - 1982
650 _aBALAGUER, JOAQUIN, 1906-2002 - DISCURSOS
_aPRESIDENTES DOMINICANOS
040 _aDLC
_cDLC
942 _2ddc
_cBK
999 _c145467
_d14546700